Every City in Jefferson on a Map - Statistics

General Stats
  • This quiz has been taken 295 times
    271 since last reset
  • The average score is 15 of 115
Answers on the Map
Answers color-coded by a green-red scale on the quiz's map according to % correct below.
 
Answer Stats
City Population % Correct
Redding 93,611
75%
Eureka 26,512
72%
Medford 85,824
54%
Chico 101,475
50%
Modesto 218,464
45%
Yreka 7,807
40%
Klamath Falls 21,813
37%
Yuba City 70,117
37%
Crescent City 6,673
36%
Grants Pass 39,189
31%
Ashland 21,360
29%
Roseville 147,773
29%
South Lake Tahoe 21,330
29%
Weed 2,862
28%
Coos Bay 15,985
27%
Placerville 10,747
27%
Truckee 16,729
26%
Roseburg 23,683
24%
Lincoln 49,757
22%
Red Bluff 14,710
21%
Susanville 16,728
21%
Jackson 5,019
20%
Arcata 18,857
18%
Auburn 13,776
17%
Fort Bragg 6,983
17%
Brookings 6,744
16%
Grass Valley 14,016
15%
Phoenix 4,475
15%
Oroville 20,042
14%
Ukiah 16,607
14%
Gold Beach 2,341
13%
Lakeview 2,418
13%
Nevada City 3,152
13%
Paradise 4,764
13%
Turlock 72,740
13%
Alturas 2,715
12%
Anderson 11,323
12%
Central Point 18,997
12%
Clearlake 16,685
12%
Marysville 12,844
12%
Mount Shasta 3,223
12%
North Bend 10,317
12%
Oakland 934
12%
Rocklin 71,601
12%
Talent 6,282
12%
Bandon 3,321
11%
Williams 5,538
11%
Willows 6,293
11%
Ceres 49,302
10%
Colusa 6,411
10%
Corning 8,244
10%
Fortuna 12,516
10%
Orland 8,298
10%
Port Orford 1,146
10%
Cave Junction 2,071
9%
Eagle Point 9,686
9%
Reedsport 4,310
9%
Rogue River 2,407
9%
Shasta Lake 10,371
9%
Sutherlin 8,524
9%
Willits 4,988
9%
Winston 5,625
9%
Colfax 1,995
8%
Dunsmuir 1,707
8%
Jacksonville 3,020
8%
Sonora 5,003
8%
Dorris 860
7%
Gold Hill 1,335
7%
Ione 5,141
7%
Lakeport 5,026
7%
Merrill 821
7%
Myrtle Creek 3,481
7%
Oakdale 23,181
7%
Tehama 435
7%
Trinidad 307
7%
Tulelake 902
7%
Angels Camp 3,667
6%
Canyonville 1,640
6%
Chiloquin 767
6%
Coquille 4,015
6%
Etna 678
6%
Ferndale 1,398
6%
Live Oak 9,106
6%
Loomis 6,836
6%
Malin 731
6%
Montague 1,226
6%
Patterson 23,781
6%
Riverbank 24,865
6%
Shady Cove 3,081
6%
Wheatland 3,712
6%
Amador City 200
5%
Fort Jones 695
5%
Gridley 7,421
5%
Newman 12,351
5%
Biggs 1,964
4%
Blue Lake 1,208
4%
Bonanza 404
4%
Hughson 7,481
4%
Loyalton 740
4%
Myrtle Point 2,475
4%
Paisley 250
4%
Plymouth 1,078
4%
Point Arena 460
4%
Portola 2,100
4%
Rio Dell 3,379
4%
Sutter Creek 2,646
4%
Waterford 9,120
4%
Drain 1,172
3%
Butte Falls 443
2%
Elkton 183
2%
Glendale 858
2%
Lakeside 1,904
2%
Riddle 1,214
2%
Yoncalla 1,021
2%
Powers 710
1%
No matching quizzes found
Score Distribution
Percent of People with Each Score
Percentile by Number Answered
Your Score History
You have not taken this quiz since the last reset